000 00930nam a2200253 a 4500
001 000002196
005 20200120221756.0
008 990224s1998 cola gr 0 000 d
020 _a958-30-0450-2
090 _aALM
_bHAW
100 0 _aHawthorne, Nathaniel
245 1 0 _aCuando la tierra era niña: historias de la mitología griega /
_cNathaniel Hawthorne; ilustraciones de Arthur Rackham y Walter Crane.
260 _aSantafé de Bogotá :
_bPanamericana,
_c1998.
300 _a265p. : il., col.
490 0 _aCajón de cuentos: serie mayor
500 _aEl texto de la presente edición se basa en la traducción de Gregorio Martínez Sierra
500 _aEj.1 de Mosquera donado por la Biblioteca Nacional - PNLB 2012.
650 1 4 _aCUENTO
650 1 4 _aLITERATURA NORTEAMERICANA
650 1 4 _aMITOLOGIA GRIEGA
650 1 4 _aHISTORIAS MITOLOGICAS
700 1 _aRackham, Arthur, il.
700 1 _aCrane, Walter, il.
999 _c215
_d215